000 00538nam a22001817a 4500
003 OSt
005 20170707112957.0
008 170707b xxu||||| |||| 00| 0 fre d
022 _200260452
040 _aLB-BrCRDP
082 _a029 B326d
100 _aNycole Bélanger
245 _aMeta
_bLa Documentation
260 _aQuèbec
_bLes Presses de L'Université de Montréal
_c1980
300 _a205p
_c25cm
500 _aOrgane d'information et de recherche dans les domains de la traduction et de l'interprétation.
942 _2ddc
_cBK
999 _c17369
_d17369